[Event "chess.com SpeedChess Q2Sw"]
[Site "chess.com INT"]
[Date "2022.11.12"]
[Round "6"]
[White "Costachi, Mihnea"]
[Black "Gokerkan, Cem Kaan"]
[Result "0-1"]
[WhiteTitle "IM"]
[BlackTitle "IM"]
[WhiteElo "2476"]
[BlackElo "2470"]
[WhiteFideId "1217518"]
[BlackFideId "6336760"]
[EventDate "2022.11.12"]

1. Nc3 g6 2. d4 Bg7 3. e4 d6 4. Be3 a6 5. a4 b6 6. Qd2 Bb7 7. h4 h5 8. Nf3 Nd7
9. Ng5 Ngf6 10. Bc4 e6 11. Bxe6 fxe6 12. Nxe6 Qe7 13. Nxc7+ Kf7 14. Nxa8 Nxe4
15. Nxe4 Qxe4 16. Nxb6 Nxb6 17. Qb4 Qxg2 18. O-O-O Qc6 19. Rhg1 Rc8 20. Qb3+ Qc4
21. Qxc4+ Nxc4 22. b3 Nxe3 23. fxe3 Be4 24. c4 d5 25. c5 a5 26. b4 axb4 27. Rd2
Bf6 28. Rb2 Bxh4 29. Rxb4 Bd8 30. Rb7+ Ke6 31. Kb2 h4 32. Kb3 h3 33. Rh7 Bg2 34.
e4 dxe4 35. Kc4 e3 36. Re1 Bg5 37. a5 Bd5+ 38. Kc3 Rb8 39. a6 Rb3+ 40. Kc2 Ra3
41. a7 h2 42. Kb2 Ra2+ 43. Kc3 h1=Q 44. Rexh1 Bxh1 45. Rxh1 Rxa7 46. Rg1 Kf5 47.
d5 Bf4 48. d6 g5 49. Kd4 g4 50. Kd5 Rd7 51. Kc6 Rd8 52. Kc7 Rg8 53. Kd7 g3 54.
Ke7 Ke4 55. d7 e2 56. Kf7 Rd8 57. c6 Kf3 58. Ke7 Bc7 59. Ra1 Kf2 60. Ra7 e1=Q+
61. Kf7 Qe5 62. Rxc7 Qxc7 63. Kg6 Qxc6+ 64. Kh5 Qxd7 65. Kh4 Qg7 66. Kh3 Rh8# 0-1

[Event "chess.com SpeedChess Q2Sw"]
[Site "chess.com INT"]
[Date "2022.11.12"]
[Round "6"]
[White "Kopylov, Alexander A."]
[Black "Gubajdullin, Alexei"]
[Result "0-1"]
[WhiteTitle "IM"]
[BlackTitle "FM"]
[WhiteElo "2397"]
[BlackElo "2300"]
[WhiteFideId "4164857"]
[BlackFideId "4141202"]
[EventDate "2022.11.12"]

1. e4 c6 2. Nf3 d5 3. d3 Bg4 4. h3 Bxf3 5. Qxf3 e6 6. g3 g6 7. Bg2 Bg7 8. O-O
Ne7 9. Rd1 O-O 10. d4 Nd7 11. Nc3 Qb6 12. a3 Rfe8 13. Rb1 Rad8 14. Bg5 a6 15.
Qe3 dxe4 16. Nxe4 h6 17. Bxe7 Rxe7 18. c3 e5 19. d5 Qxe3 20. fxe3 cxd5 21. Rxd5
Rb8 22. Rbd1 Nb6 23. Rd8+ Rxd8 24. Rxd8+ Kh7 25. Nd6 e4 26. Bxe4 Be5 27. Kf2
Bxd6 28. Rxd6 Nc4 29. Rd4 Nxb2 30. Bf3 b5 31. Rd6 Ra7 32. Be2 Kg7 33. e4 f6 34.
Ke3 Kf7 35. Kd4 Ke7 36. e5 fxe5+ 37. Kxe5 Kf7 38. Bf3 Kg7 39. Be4 Nc4+ 40. Ke6
Nxd6 41. Kxd6 Rf7 42. Kc5 Rc7+ 43. Bc6 Re7 44. c4 bxc4 45. Kxc4 Re3 46. a4 Rxg3
47. Bb7 a5 48. Kb5 Rb3+ 49. Ka6 Rxh3 50. Kxa5 h5 51. Kb6 Ra3 52. a5 g5 53. a6 g4
54. a7 Rxa7 55. Kxa7 Kf6 56. Kb6 Ke5 57. Kc5 h4 58. Kc4 h3 59. Kd3 Kf4 60. Ke2
Kg3 61. Kf1 Kh2 0-1

[Event "chess.com SpeedChess Q2Sw"]
[Site "chess.com INT"]
[Date "2022.11.12"]
[Round "6"]
[White "Grischuk, Alexander"]
[Black "Demidov, Mikhail"]
[Result "1-0"]
[WhiteTitle "GM"]
[BlackTitle "GM"]
[WhiteElo "2745"]
[BlackElo "2568"]
[WhiteFideId "4126025"]
[BlackFideId "4197143"]
[EventDate "2022.11.12"]

1. Nf3 g6 2. e4 Bg7 3. d4 c6 4. Bd3 d5 5. e5 Bg4 6. Nbd2 c5 7. c3 cxd4 8. cxd4
Nc6 9. h3 Bc8 10. O-O Nh6 11. Nb3 Qb6 12. Re1 O-O 13. Bd2 Nf5 14. Bc3 Nh6 15.
Rc1 Bf5 16. Bf1 Rad8 17. Nc5 f6 18. e6 Be4 19. Nxe4 dxe4 20. Rxe4 Rd6 21. Qb3
Qxb3 22. axb3 f5 23. Rh4 f4 24. Bc4 Nf5 25. Rxf4 Bh6 26. Rxf5 Rxf5 27. Ra1 Bg7
28. d5 Rfxd5 29. Bxd5 Rxd5 30. Kf1 a6 31. Re1 h6 32. Re4 Rd6 33. Ke2 Kh7 34. h4
Kg8 35. g4 Rd5 36. b4 Kh7 37. Ne1 Kg8 38. Nd3 a5 39. bxa5 Bxc3 40. bxc3 Rxa5 41.
Nb4 Rc5 42. Nxc6 Rxc6 43. Kd3 Kg7 44. g5 hxg5 45. hxg5 Rc5 46. f4 Rc6 47. c4
Rd6+ 48. Kc3 Ra6 49. Kb4 Rb6+ 50. Kc5 Rc6+ 51. Kb5 Kf8 52. c5 Kg7 53. Rd4 Kf8
54. Rd7 Rxe6 55. Rxb7 Re1 56. c6 Rb1+ 57. Kc5 Rc1+ 58. Kb6 Rb1+ 59. Kc7 Rf1 60.
Kb8 Rxf4 61. c7 1-0

[Event "chess.com SpeedChess Q2Sw"]
[Site "chess.com INT"]
[Date "2022.11.12"]
[Round "6"]
[White "Yuan, Qingyu"]
[Black "Danielyan, Vahe"]
[Result "1-0"]
[BlackTitle "IM"]
[WhiteElo "2373"]
[BlackElo "2307"]
[WhiteFideId "8609772"]
[BlackFideId "13304828"]
[EventDate "2022.11.12"]

1. e4 d5 2. exd5 Qxd5 3. Nc3 Qe5+ 4. Be2 Bg4 5. d4 Bxe2 6. Ngxe2 Qa5 7. O-O Nf6
8. b4 Qh5 9. Nf4 Qxd1 10. Rxd1 e6 11. Nb5 Na6 12. c3 c6 13. Na3 Nc7 14. Nc4 Ncd5
15. Ne2 Ne4 16. Bb2 Be7 17. a3 O-O 18. f3 Nd6 19. Nxd6 Bxd6 20. c4 Ne3 21. Rdc1
b5 22. c5 Bc7 23. a4 a6 24. Bc3 g5 25. Ra2 Nd5 26. Bd2 h6 27. Rca1 Rac8 28. axb5
axb5 29. Ra7 Bd8 30. Kf2 Bf6 31. R1a6 Rfe8 32. g3 Ne7 33. Rd7 Nf5 34. g4 Ne7 35.
Raa7 Ra8 36. Ke3 Nd5+ 37. Kd3 Ne7 38. Ng3 Rxa7 39. Rxa7 Rd8 40. Bc3 Nd5 41. Ne4
Kg7 42. Bd2 Nxb4+ 43. Bxb4 Rxd4+ 44. Ke2 Rxb4 45. Nd6 Rb2+ 46. Kd3 Kg6 47. Rxf7
b4 48. Rc7 b3 49. Rxc6 Rb1 50. Rb6 b2 51. Ne4 Rd1+ 52. Nd2 Kf7 53. Ke2 Rh1 54.
c6 Ke7 55. c7 Kd7 56. Rc6 Kc8 57. Nc4 Re1+ 58. Kf2 Bd4+ 59. Kg2 Re2+ 60. Kh3
Rxh2+ 61. Kxh2 Bg1+ 62. Kg2 Bc5 63. Rxc5 b1=Q 64. Nd6+ Kd7 65. c8=Q+ Kxd6 66.
Qc7# 1-0

[Event "chess.com SpeedChess Q2Sw"]
[Site "chess.com INT"]
[Date "2022.11.12"]
[Round "6"]
[White "Sevian, Samuel"]
[Black "Gabrielian, Artur"]
[Result "1-0"]
[WhiteTitle "GM"]
[BlackTitle "GM"]
[WhiteElo "2687"]
[BlackElo "2460"]
[WhiteFideId "2040506"]
[BlackFideId "4131002"]
[EventDate "2022.11.12"]

1. d4 Nf6 2. Bf4 d5 3. e3 e6 4. Nf3 Bd6 5. Nbd2 O-O 6. Bd3 c5 7. c3 Qc7 8. Ne5
Nbd7 9. Ndf3 b6 10. h4 a5 11. Qe2 Bb7 12. h5 h6 13. g4 Ne4 14. Nxd7 Qxd7 15. Ne5
Bxe5 16. dxe5 a4 17. f3 c4 18. Bc2 Nc5 19. a3 Nd3+ 20. Bxd3 cxd3 21. Qg2 d4 22.
exd4 f6 23. Rf1 Ra5 24. O-O-O Qd5 25. Kb1 Qb3 26. Rxd3 Ba6 27. Qc2 Bxd3 28. Qxd3
Rb5 29. Rf2 fxe5 30. Bxe5 Rf7 31. Rd2 Rd5 32. f4 b5 33. Rc2 Qc4 34. Qxc4 bxc4
35. Rg2 Kh7 36. g5 g6 37. hxg6+ Kxg6 38. gxh6+ Kxh6 39. Rg8 Rdd7 40. Rc8 Kg6 41.
Rxc4 Ra7 42. Ka2 Kf5 43. Rb4 Rh7 44. c4 Rh1 45. c5 Ke4 46. c6 Rc1 47. c7 Kd3 48.
Rb8 Raxc7 49. Bxc7 Rxc7 50. Rb4 Rf7 51. Rxa4 Rxf4 52. Ra6 Re4 53. Rd6 Kc4 54.
b3+ Kc3 55. a4 Kb4 56. Rb6+ Kc3 57. a5 Re2+ 58. Ka3 Re1 59. Ka4 Kxd4 60. Kb5 e5
61. a6 Ra1 62. Rd6+ Kc3 63. Re6 Kd4 64. b4 e4 65. Kb6 e3 66. b5 Ra3 67. Kb7 Kd5
68. Re8 Kc5 69. b6 Rb3 70. Re5+ Kd4 71. Re6 Kd5 72. Re8 Kc5 73. Rc8+ Kd4 74. a7
e2 75. Re8 Re3 76. Rxe3 Kxe3 77. a8=Q 1-0

[Event "chess.com SpeedChess Q2Sw"]
[Site "chess.com INT"]
[Date "2022.11.12"]
[Round "6"]
[White "Jumabayev, Rinat"]
[Black "Jobava, Baadur"]
[Result "1-0"]
[WhiteTitle "GM"]
[BlackTitle "GM"]
[WhiteElo "2620"]
[BlackElo "2578"]
[WhiteFideId "13702661"]
[BlackFideId "13601520"]
[EventDate "2022.11.12"]

1. d4 Nf6 2. Nf3 c5 3. d5 g6 4. Nc3 Bg7 5. e4 d6 6. h3 O-O 7. Bd3 Na6 8. O-O Nc7
9. a4 Rb8 10. Re1 a6 11. a5 Bd7 12. Bf4 Bb5 13. Bh2 Nd7 14. Ra2 Rc8 15. Qd2 Re8
16. Nd1 Bxd3 17. Qxd3 Nb5 18. Ne3 e5 19. c3 Rf8 20. Nc4 f5 21. exf5 gxf5 22. Qe2
Qf6 23. Bg3 Kh8 24. Raa1 Rce8 25. Kh1 e4 26. Nfd2 Qg6 27. Bf4 Rg8 28. g3 Bh6 29.
Qe3 Bxf4 30. Qxf4 Qh5 31. Kh2 Rg4 32. Qe3 Rg6 33. Qe2 Qh6 34. f4 Reg8 35. Rg1
Nf6 36. Ne3 Qf8 37. Ndf1 Qc8 38. Rg2 Rh6 39. h4 Qd7 40. Kg1 Nc7 41. c4 Nce8 42.
Qd2 Rhg6 43. Qc3 Ng7 44. Kf2 h6 45. Ra3 Kh7 46. Rb3 Ngh5 47. Rb6 R8g7 48. b4 Qc7
49. bxc5 Qxc5 50. Qb4 Qd4 51. Qb2 Qc5 52. Qb4 Nxf4 53. Qxc5 Nd3+ 54. Kg1 Nxc5
55. Nxf5 Rd7 56. N1e3 Ne8 57. g4 Nd3 58. Kh2 Ne5 59. Kh3 Rc7 60. Rc2 Nf3 61.
Rcb2 Rc5 62. Rxb7+ Ng7 63. Rf7 Rxa5 64. Rbb7 Ra3 65. Rxg7+ Rxg7 66. Rxg7+ Kh8
67. Re7 Ne5 68. Kg2 Ra2+ 69. Kg3 Ra3 70. Kf4 Ng6+ 71. Kxe4 Nxe7 72. Nxe7 a5 73.
c5 dxc5 74. d6 Rb3 75. Nc6 Rb7 76. Nxa5 Rf7 77. Nb3 Kg7 78. Nxc5 Kf6 79. Nd5+
Kg7 80. d7 1-0

[Event "chess.com SpeedChess Q2Sw"]
[Site "chess.com INT"]
[Date "2022.11.12"]
[Round "6"]
[White "Aarav, Dengla"]
[Black "Ristic, Nebojsa M"]
[Result "1/2-1/2"]
[WhiteTitle "FM"]
[BlackTitle "IM"]
[WhiteElo "2357"]
[BlackElo "2335"]
[WhiteFideId "45059756"]
[BlackFideId "900850"]
[EventDate "2022.11.12"]

1. e4 Nc6 2. d4 d6 3. Nf3 Nf6 4. Nc3 g6 5. h3 Bg7 6. Be3 O-O 7. Qd2 a6 8. Bh6 b5
9. a3 Bb7 10. h4 e5 11. d5 Ne7 12. h5 Nxh5 13. g4 Nf4 14. Bxg7 Kxg7 15. Ne2 Ng8
16. Nxf4 exf4 17. O-O-O g5 18. Nd4 Bc8 19. f3 h6 20. Bd3 Bd7 21. Qc3 f6 22. Rh3
Ne7 23. Rdh1 Rh8 24. Qd2 Ng6 25. Qh2 Nh4 26. Rxh4 gxh4 27. Qxh4 Qe7 28. Qh2 Qe5
29. Ne2 a5 30. Nxf4 Kf7 31. Qh5+ Qxh5 32. Rxh5 b4 33. Ne2 bxa3 34. bxa3 Rab8 35.
Nd4 Kg7 36. Bc4 Rb6 37. Kd2 Rb1 38. Be2 Rhb8 39. f4 Rg1 40. e5 dxe5 41. fxe5
fxe5 42. Rxe5 Re8 43. Rxe8 Bxe8 44. Ne6+ Kf6 45. Nxc7 Bd7 46. c4 Bxg4 47. Bxg4
Rxg4 48. c5 h5 49. d6 Rc4 50. Na6 h4 51. Kd3 Rc1 52. Kd2 Rc4 53. Kd3 Ra4 54. c6
Rxa3+ 55. Kd4 Ra4+ 56. Kd3 Ra1 57. c7 Rd1+ 58. Ke2 h3 59. c8=Q h2 60. Qf8+ Ke6
61. Qe7+ Kd5 62. Qh4 h1=Q 63. Qg5+ Kxd6 64. Qc5+ Ke6 65. Nc7+ Kf6 66. Qf8+ Kg6
67. Qg8+ Kf5 68. Qf7+ Ke5 69. Qe7+ Kd4 70. Qd6+ Kc4 71. Qa6+ Kb4 72. Qb6+ Ka4
73. Qb5+ Ka3 74. Qxa5+ Kb2 75. Qb5+ Kc2 76. Qc4+ Kb2 77. Qb4+ Ka2 78. Qa4+ Kb2
79. Qb4+ Ka2 80. Qc4+ Ka3 81. Qc3+ Ka2 82. Qc2+ Ka1 83. Qa4+ Kb2 84. Qb4+ 1/2-1/2

[Event "chess.com SpeedChess Q2Sw"]
[Site "chess.com INT"]
[Date "2022.11.12"]
[Round "6"]
[White "Tabatabaei, M. Amin"]
[Black "Deac, Bogdan-Daniel"]
[Result "1/2-1/2"]
[WhiteTitle "GM"]
[BlackTitle "GM"]
[WhiteElo "2655"]
[BlackElo "2700"]
[WhiteFideId "12521213"]
[BlackFideId "1226380"]
[EventDate "2022.11.12"]

1. d4 Nf6 2. Nf3 d5 3. c3 c6 4. Qc2 g6 5. Bf4 Bf5 6. Qb3 Qb6 7. h3 Bg7 8. e3
Nbd7 9. Nbd2 O-O 10. Be2 Ne4 11. Nxe4 Bxe4 12. O-O Rfe8 13. Ng5 Qxb3 14. axb3
Bc2 15. b4 e5 16. dxe5 Nxe5 17. Rfc1 Bf5 18. Bxe5 Bxe5 19. Nf3 Bf6 20. Rd1 a6
21. Nd4 Bd7 22. Nb3 Rab8 23. Rd2 h5 24. Nc5 Be6 25. g4 hxg4 26. hxg4 Be7 27. Kg2
Kg7 28. Rh1 Bc8 29. Nb3 Rh8 30. Rxh8 Kxh8 31. f4 Kg7 32. Bf3 b6 33. Kg3 Bb7 34.
Rd1 Ba8 35. Ra1 Bb7 36. Be2 Ra8 37. g5 Bd6 38. Nd4 c5 39. bxc5 Bxc5 40. Nb3 Bxe3
41. Bf3 a5 42. Re1 Re8 43. Rd1 a4 44. Nd4 Bxd4 45. Rxd4 b5 46. Bxd5 Bxd5 47.
Rxd5 a3 48. Rxb5 axb2 49. Kf2 Rc8 50. Rxb2 Rxc3 51. Rb4 Ra3 52. Re4 Rb3 53. Ke2
Ra3 54. Re8 Ra4 55. Kf3 Ra3+ 56. Kg4 Ra4 57. Re7 Ra3 58. Rc7 Ra4 59. Rb7 Ra1 60.
Rb4 Rg1+ 61. Kf3 Rf1+ 62. Ke4 Re1+ 63. Kd5 Rd1+ 64. Ke5 Re1+ 65. Re4 Rd1 66. Rd4
Re1+ 67. Re4 Rd1 68. Re2 Rd3 69. Ke4 Rd1 70. Rc2 Re1+ 71. Kf3 Rd1 72. Rc7 Rd4
73. Ke3 Ra4 74. Rd7 Rb4 75. Rd4 Rb3+ 76. Rd3 Rb1 77. Ke4 Re1+ 78. Re3 Rd1 79.
Kf3 Rf1+ 80. Kg4 Rg1+ 81. Rg3 Ra1 82. Rf3 Ra4 83. Rc3 Ra1 84. Rf3 Rg1+ 85. Rg3
Ra1 86. Rd3 Rg1+ 87. Rg3 1/2-1/2

[Event "chess.com SpeedChess Q2Sw"]
[Site "chess.com INT"]
[Date "2022.11.12"]
[Round "7"]
[White "Melian, Juan Sebastian"]
[Black "Kabanova, Ekaterina"]
[Result "1-0"]
[WhiteTitle "CM"]
[BlackTitle "WFM"]
[WhiteElo "2150"]
[BlackElo "2088"]
[WhiteFideId "3706575"]
[BlackFideId "24112917"]
[EventDate "2022.11.12"]

1. d4 c5 2. d5 e5 3. Nc3 a6 4. a4 d6 5. e4 Ne7 6. g3 Ng6 7. Bg2 Be7 8. Nf3 Bg4
9. h3 Bxf3 10. Bxf3 O-O 11. O-O f5 12. exf5 Rxf5 13. Bg4 Rf8 14. Be6+ Kh8 15.
Qh5 Bg5 16. Bxg5 1-0

[Event "chess.com SpeedChess Q2Sw"]
[Site "chess.com INT"]
[Date "2022.11.12"]
[Round "7"]
[White "Ankerst, Mihael"]
[Black "Darini, Pouria"]
[Result "1-0"]
[WhiteTitle "FM"]
[BlackTitle "GM"]
[WhiteElo "2370"]
[BlackElo "2405"]
[WhiteFideId "14602369"]
[BlackFideId "12502200"]
[EventDate "2022.11.12"]

1. e4 c5 2. Nf3 d6 3. d4 cxd4 4. Nxd4 Nf6 5. Nc3 a6 6. Bc4 e6 7. Bb3 b5 8. Bg5
Be7 9. Qf3 Qc7 10. O-O-O O-O 11. e5 Bb7 12. exf6 Bxf3 13. fxe7 Bxd1 14. Nxe6 1-0

[Event "chess.com SpeedChess Q2Sw"]
[Site "chess.com INT"]
[Date "2022.11.12"]
[Round "7"]
[White "Mezhlumyan, Vahram"]
[Black "Miszler, Levente"]
[Result "1-0"]
[WhiteTitle "FM"]
[BlackTitle "CM"]
[WhiteElo "2208"]
[BlackElo "2276"]
[WhiteFideId "13302183"]
[BlackFideId "763276"]
[EventDate "2022.11.12"]

1. d4 Nf6 2. c4 e6 3. Nf3 b6 4. a3 Bb7 5. Nc3 Be7 6. d5 O-O 7. e4 d6 8. Bd3 e5
9. O-O Nbd7 10. b4 a5 11. Bd2 c6 12. dxc6 Bxc6 13. Qb3 Re8 14. h3 Nf8 15. Rfe1
Ne6 16. Be3 Qc7 17. Rac1 Qb7 18. Nd5 axb4 19. axb4 Bxd5 20. cxd5 Nc7 21. Rc6 b5
22. Rec1 Na6 23. Rb6 1-0

[Event "chess.com SpeedChess Q2Sw"]
[Site "chess.com INT"]
[Date "2022.11.12"]
[Round "7"]
[White "Donchenko, Alexander"]
[Black "Daggupati, Balaji"]
[Result "1-0"]
[WhiteTitle "GM"]
[BlackTitle "GM"]
[WhiteElo "2645"]
[BlackElo "2507"]
[WhiteFideId "24603295"]
[BlackFideId "2090759"]
[EventDate "2022.11.12"]

1. d4 d5 2. c4 dxc4 3. Nf3 Nf6 4. e3 e6 5. Bxc4 a6 6. O-O Be7 7. b3 O-O 8. Bb2
b6 9. Nbd2 Bb7 10. Qc2 Nbd7 11. Rfd1 Rc8 12. Rac1 c5 13. Qb1 cxd4 14. Nxd4 Rc5
15. Be2 Qa8 16. Bf3 Bxf3 17. N2xf3 Rfc8 18. Rxc5 Nxc5 19. Ba3 Bf8 20. Rc1 Nce4
21. Bxf8 Kxf8 22. Qb2 Kg8 23. Ne5 h6 24. Ndc6 Nc5 25. Ne7+ Kf8 26. Nxc8 1-0

[Event "chess.com SpeedChess Q2Sw"]
[Site "chess.com INT"]
[Date "2022.11.12"]
[Round "7"]
[White "Mika, Tomasz"]
[Black "Tologon tegin, Semetei"]
[Result "1-0"]
[WhiteTitle "CM"]
[BlackTitle "IM"]
[WhiteElo "2185"]
[BlackElo "2382"]
[WhiteFideId "1132970"]
[BlackFideId "13800574"]
[EventDate "2022.11.12"]

1. Nf3 g6 2. c4 Bg7 3. g3 c5 4. Nc3 e5 5. Bg2 Nc6 6. d3 f5 7. e4 Nf6 8. exf5
gxf5 9. Nh4 d6 10. Nd5 O-O 11. O-O Nd4 12. Bg5 Qd7 13. Nxf6+ Bxf6 14. Bd5+ Kh8
15. Qh5 Qg7 16. Bh6 Qe7 17. Bxf8 Qxf8 18. Ng6+ 1-0

[Event "chess.com SpeedChess Q2Sw"]
[Site "chess.com INT"]
[Date "2022.11.12"]
[Round "7"]
[White "Ivic, Velimir"]
[Black "Lazavik, Denis"]
[Result "1-0"]
[WhiteTitle "GM"]
[BlackTitle "IM"]
[WhiteElo "2560"]
[BlackElo "2529"]
[WhiteFideId "950122"]
[BlackFideId "13515110"]
[EventDate "2022.11.12"]

1. e4 e5 2. Nf3 Nc6 3. Bb5 Nf6 4. O-O Nxe4 5. Re1 Nd6 6. Nxe5 Be7 7. Bf1 Nxe5 8.
Rxe5 O-O 9. d4 Bf6 10. Bd3 Bxe5 11. dxe5 Ne8 12. Qh5 g6 13. Qh6 d6 14. Bg5 Qd7
15. Nc3 dxe5 16. Ne4 Qe6 17. Bc4 1-0

[Event "chess.com SpeedChess Q2Sw"]
[Site "chess.com INT"]
[Date "2022.11.12"]
[Round "7"]
[White "Danielyan, Vahe"]
[Black "Andreev, Eduard UKR"]
[Result "1-0"]
[WhiteTitle "IM"]
[BlackTitle "GM"]
[WhiteElo "2307"]
[BlackElo "2413"]
[WhiteFideId "13304828"]
[BlackFideId "14103400"]
[EventDate "2022.11.12"]

1. e4 c6 2. Nc3 d5 3. Nf3 dxe4 4. Nxe4 Nf6 5. Ng3 h5 6. Bc4 h4 7. Nf1 h3 8. g3
Bf5 9. Ne3 Be4 10. d3 Bd5 11. Nxd5 cxd5 12. Bb5+ Nbd7 13. O-O a6 14. Ba4 e6 15.
d4 b5 16. Bb3 Ne4 17. c3 Be7 18. Bc2 Nd6 19. Re1 Kf8 20. a4 g6 21. Bf4 Kg7 22.
Ne5 Nxe5 23. Bxe5+ Bf6 24. axb5 Bxe5 25. dxe5 Nxb5 26. Qf3 Qg5 27. Bd3 Nc7 28.
Ra4 Rhb8 29. Rf4 Rf8 30. Rg4 Qd2 31. Qf6+ Kg8 32. Rxg6+ fxg6 33. Qxg6+ Kh8 34.
Qh7# 1-0

[Event "chess.com SpeedChess Q2Sw"]
[Site "chess.com INT"]
[Date "2022.11.12"]
[Round "7"]
[White "Kukula, Pawel"]
[Black "Sanchez, Robert"]
[Result "1-0"]
[WhiteElo "2135"]
[BlackElo "1971"]
[WhiteFideId "1115081"]
[BlackFideId "2034360"]
[EventDate "2022.11.12"]

1. Nc3 e6 2. d4 d5 3. Bf4 Nf6 4. e3 Bb4 5. Bd3 c5 6. a3 Bxc3+ 7. bxc3 c4 8. Bf1
Nc6 9. h3 O-O 10. g4 Ne4 11. Ne2 Qa5 12. Bg2 Nxc3 13. Qd2 Na4 14. c3 Qd8 15. O-O
Na5 16. Rab1 Nb3 17. Qc2 Nb6 18. e4 a5 19. Ng3 Qe7 20. exd5 Nxd5 21. Bc1 b5 22.
Ne4 Bb7 23. f4 f6 24. g5 fxg5 25. Nxg5 h6 26. Qh7# 1-0

[Event "chess.com SpeedChess Q2Sw"]
[Site "chess.com INT"]
[Date "2022.11.12"]
[Round "7"]
[White "Rudykh, Stepan"]
[Black "Sipahioglu, Irmak"]
[Result "1-0"]
[WhiteTitle "CM"]
[WhiteElo "2218"]
[BlackElo "2041"]
[WhiteFideId "4180321"]
[BlackFideId "6307205"]
[EventDate "2022.11.12"]

1. e4 e6 2. d4 d5 3. Nd2 Nf6 4. e5 Nfd7 5. Bd3 c5 6. c3 Nc6 7. Ne2 cxd4 8. cxd4
f6 9. exf6 Qxf6 10. Nf3 h6 11. O-O Bd6 12. a3 O-O 13. b4 Rd8 14. b5 Na5 15. Ng3
Nf8 16. Re1 Bd7 17. Nh5 Qf7 18. Ne5 Bxe5 19. Rxe5 Rac8 20. Qg4 Nc4 21. Bxc4 Rxc4
22. Bxh6 Ng6 23. Bxg7 Nxe5 24. Bxe5+ Kf8 25. Bd6+ Ke8 26. Ng7+ Qxg7 27. Qxg7 a5
28. Qe7# 1-0

[Event "chess.com SpeedChess Q2Sw"]
[Site "chess.com INT"]
[Date "2022.11.12"]
[Round "7"]
[White "Sadovsky, Artem"]
[Black "Stoyanov, Tsvetan"]
[Result "1-0"]
[WhiteTitle "IM"]
[BlackTitle "IM"]
[WhiteElo "2276"]
[BlackElo "2456"]
[WhiteFideId "4155840"]
[BlackFideId "2917173"]
[EventDate "2022.11.12"]

1. Nf3 d5 2. e3 Nf6 3. c4 e6 4. b3 c5 5. Bb2 Nc6 6. cxd5 exd5 7. Be2 Bd6 8. O-O
O-O 9. d4 Ne4 10. dxc5 Bxc5 11. Nc3 Be6 12. Rc1 Bd6 13. Nxe4 dxe4 14. Nd4 Bd7
15. Nxc6 Bxc6 16. Qd4 f6 17. Rfd1 Qa5 18. Qxd6 Qxa2 19. Qa3 Qxa3 20. Bxa3 Rfd8
21. Bc4+ Kh8 22. Be7 Re8 23. Bd6 Rac8 24. Bf7 Red8 25. Be7 Rxd1+ 26. Rxd1 a5 27.
Rd8+ Rxd8 28. Bxd8 g6 29. Bxf6# 1-0

[Event "chess.com SpeedChess Q2Sw"]
[Site "chess.com INT"]
[Date "2022.11.12"]
[Round "7"]
[White "Rohith, Krishna S"]
[Black "Eynullayev, Altay"]
[Result "1-0"]
[WhiteTitle "FM"]
[BlackTitle "FM"]
[WhiteElo "2380"]
[BlackElo "2214"]
[WhiteFideId "46617051"]
[BlackFideId "13413562"]
[EventDate "2022.11.12"]

1. e4 c5 2. d4 cxd4 3. Nf3 d6 4. Nxd4 a6 5. c4 Nf6 6. Nc3 e6 7. f4 Be7 8. Be3
Nc6 9. Qf3 e5 10. Nxc6 bxc6 11. f5 d5 12. exd5 cxd5 13. cxd5 Bb7 14. Rd1 Qa5 15.
Bc4 Rc8 16. Bb3 e4 17. Qg3 O-O 18. d6 Bd8 19. O-O Bb6 20. Kh1 Rcd8 21. Bh6 Nh5
22. Qg4 Kh8 23. Qxh5 gxh6 24. Qxh6 Qe5 25. Bd5 Rxd6 26. Qxf8# 1-0

[Event "chess.com SpeedChess Q2Sw"]
[Site "chess.com INT"]
[Date "2022.11.12"]
[Round "7"]
[White "Kirillov, Dmitry"]
[Black "Goltseva, Ekaterina"]
[Result "0-1"]
[WhiteTitle "FM"]
[BlackTitle "FM"]
[WhiteElo "2195"]
[BlackElo "2265"]
[WhiteFideId "34180572"]
[BlackFideId "24173770"]
[EventDate "2022.11.12"]

1. e4 e5 2. Nf3 Nf6 3. Nxe5 Nxe4 4. Qe2 Qe7 5. Qxe4 d6 6. d4 dxe5 7. dxe5 Nc6 8.
Bb5 Bd7 9. O-O O-O-O 10. Bf4 g5 11. Bg3 f5 12. Qa4 f4 13. Nc3 fxg3 14. Bxc6
gxh2+ 15. Kh1 Bxc6 16. Qxa7 b6 17. a4 Qc5 18. a5 bxa5 19. Qa6+ Bb7 20. Qe6+ Kb8
21. Rfd1 Bg7 0-1

[Event "chess.com SpeedChess Q2Sw"]
[Site "chess.com INT"]
[Date "2022.11.12"]
[Round "7"]
[White "Kalogridis, Antonios"]
[Black "Csonka, Balazs"]
[Result "0-1"]
[WhiteTitle "FM"]
[BlackTitle "IM"]
[WhiteElo "2293"]
[BlackElo "2497"]
[WhiteFideId "25833901"]
[BlackFideId "742910"]
[EventDate "2022.11.12"]

1. d4 d5 2. c4 e6 3. Nc3 c6 4. e4 dxe4 5. Nxe4 c5 6. dxc5 Qxd1+ 7. Kxd1 Nf6 8.
Nd6+ Bxd6 9. cxd6 Ne4 10. Be3 Nxd6 11. g4 Bd7 12. Bg2 Bc6 13. Bxc6+ Nxc6 14. Nf3
Nxc4 15. Ke2 Nxe3 16. fxe3 Ke7 17. Rac1 Rhd8 18. g5 Rd5 19. h4 Rad8 20. h5 h6
21. gxh6 gxh6 22. Rc4 Rb5 23. b3 Rdd5 24. Rch4 Ra5 25. a4 Rac5 26. Rc4 Rxc4 27.
bxc4 Ra5 28. Rb1 b6 29. Rb5 Rxa4 30. Kd3 Ra3+ 31. Ke2 Ra5 32. Nh2 Rxb5 33. cxb5
Ne5 34. e4 Kf6 35. Ke3 Kg5 36. Kd4 f6 37. Nf1 Kxh5 38. Ne3 Kg6 39. Nc2 h5 40.
Nb4 h4 41. Ke3 Kf7 42. Nc6 Nxc6 0-1

[Event "chess.com SpeedChess Q2Sw"]
[Site "chess.com INT"]
[Date "2022.11.12"]
[Round "7"]
[White "Selkirk, Rebecca"]
[Black "Chernov, Mikhail"]
[Result "0-1"]
[WhiteTitle "WCM"]
[BlackTitle "FM"]
[WhiteElo "1674"]
[BlackElo "2213"]
[WhiteFideId "14306514"]
[BlackFideId "24143170"]
[EventDate "2022.11.12"]

1. e4 c5 2. Nf3 Nc6 3. d4 cxd4 4. Nxd4 Nf6 5. Nc3 d6 6. Be3 Ng4 7. Bb5 Nxe3 8.
fxe3 Bd7 9. O-O Ne5 10. Nd5 e6 11. Bxd7+ Qxd7 12. Nc3 Be7 13. Qh5 O-O 14. Nf3
Nc4 15. Ng5 h6 16. Nxf7 Bf6 17. Rxf6 Rxf7 18. Rxf7 Qxf7 19. Qxf7+ Kxf7 20. Rf1+
Ke7 21. Nd1 Rc8 22. b3 Nd2 23. Rf2 Rxc2 24. a4 Ra2 25. Nc3 Ra1+ 0-1

[Event "chess.com SpeedChess Q2Sw"]
[Site "chess.com INT"]
[Date "2022.11.12"]
[Round "7"]
[White "Pham, Le Thao Nguyen"]
[Black "Aumann, Welf"]
[Result "0-1"]
[WhiteTitle "IM"]
[BlackTitle "FM"]
[WhiteElo "2369"]
[BlackElo "2316"]
[WhiteFideId "12401226"]
[BlackFideId "4634071"]
[EventDate "2022.11.12"]

1. d4 d5 2. g3 Nf6 3. Bg2 Bf5 4. Nf3 e6 5. O-O h6 6. b3 Be7 7. Bb2 O-O 8. Nbd2
a5 9. Re1 a4 10. Nh4 a3 11. Bc3 Bh7 12. e4 dxe4 13. Nxe4 Nxe4 14. Bxe4 Bxh4 15.
Bxh7+ Kxh7 16. Qd3+ Kg8 17. gxh4 Qxh4 18. Re4 Qh5 19. Qg3 g6 20. Rh4 Qg5 21. Rg4
Qf5 22. Rf4 Qxc2 23. d5 exd5 24. Rh4 d4 25. Bxd4 Nc6 26. Bc3 Rad8 27. Qf3 Rd3
28. Rh5 Rxf3 0-1